000 00734nam a2200193Ia 4500
003 GCL
008 140319s9999 xx 000 0 ara d
040 _aGCL /
_cGCL
082 0 4 _a621.3815
_bت د
100 1 _aتولى، مايك
245 1 0 _aالدوائر الاليكترونية :
_bالاسس النظرية والتطبيقات العملية /
_cتولى، مايك
260 _aالقاهرة :
_bدار الفاروق للنشر والتوزيع ،
_c2004
300 _a600 ص ؛
_c24 سم
490 _aتكنولوجيا الاليكترونيات
_v1
650 0 4 _aالدوائر الالكترونية
650 0 4 _aالكهرباء - دوائر
650 0 4 _aالدوائر التذبذبية
942 _2ddc
_cBK
999 _c7253
_d7253